Estatísticas para Países com mais participações em Copas do Mundo

Clique aqui para jogar o quiz

Estatísticas Gerais

  • Esse quiz foi jogado 49 vezes
  • A pontuação média é 9 de 10

Estatísticas das Respostas

PaísParticipaçõesTítulos% Correto
Brasil225
100%
Argentina183
97%
Alemanha204
95%
Espanha161
95%
França162
95%
Itália184
95%
Inglaterra161
89%
Uruguai142
89%
México170
71%
Bélgica140
55%

Distribuição das Pontuações

Percentil de Números Respondidos

Porcentagem de Pessoas com Cada Pontuação

Sua Pontuação Histórica

Você não jogou esse quiz